000 00445nam a2200169Ia 4500
003 GCL
008 140319s9999 xx 000 0 ara d
040 _aGCL /
_cGCL
082 0 4 _a813.03
_bك ل
100 1 _aكرم ملحم كرم
245 1 0 _aاللحن الشرود /
_cكرم ملحم كرم
300 _a122 ص
490 _aاقرأ
_v0
650 0 4 _aالادب العربى
650 0 4 _aالقصص العربية
942 _2ddc
_cBK
999 _c40318
_d40318